<?xml version="1.0" encoding="UTF-8"?>
<record
    xmlns:xsi="http://www.w3.org/2001/XMLSchema-instance"
    xsi:schemaLocation="http://www.loc.gov/MARC21/slim http://www.loc.gov/standards/marcxml/schema/MARC21slim.xsd"
    xmlns="http://www.loc.gov/MARC21/slim">

  <leader>00953nam a2200169 a 4500</leader>
  <controlfield tag="001">000036703</controlfield>
  <controlfield tag="005">20200930075902.0</controlfield>
  <controlfield tag="008">090805s1984    sp            000 0 spa d</controlfield>
  <datafield tag="040" ind1=" " ind2=" ">
    <subfield code="a">DO-SdBNP</subfield>
    <subfield code="b">spa</subfield>
    <subfield code="c">BNPHU</subfield>
  </datafield>
  <datafield tag="100" ind1="1" ind2=" ">
    <subfield code="a">Jenofonte</subfield>
    <subfield code="9">62993</subfield>
  </datafield>
  <datafield tag="245" ind1="1" ind2="0">
    <subfield code="a">Obras menores :</subfield>
    <subfield code="b">Hier&#xF3;n, Agesilao, La rep&#xFA;blica de los lacedemonios, Los ingresos p&#xFA;blicos, El jefe de la caballer&#xED;a, De la equitaci&#xF3;n, De la caza. La rep&#xFA;blica de los atenienses / Pseudo Jenofonte /</subfield>
    <subfield code="c">Jenofonte ; introducciones, traducciones y notas de Orlando Gunti&#xF1;as Tu&#xF1;on.</subfield>
  </datafield>
  <datafield tag="260" ind1=" " ind2=" ">
    <subfield code="a">Madrid :</subfield>
    <subfield code="b">Gredos,</subfield>
    <subfield code="c">1984.</subfield>
  </datafield>
  <datafield tag="300" ind1=" " ind2=" ">
    <subfield code="a">318 p. ;</subfield>
    <subfield code="c">20 cm.</subfield>
  </datafield>
  <datafield tag="440" ind1=" " ind2="0">
    <subfield code="a">Biblioteca cl&#xE1;sica Gredos ;</subfield>
    <subfield code="v">75</subfield>
    <subfield code="9">8642</subfield>
  </datafield>
  <datafield tag="500" ind1=" " ind2=" ">
    <subfield code="a">Incluye &#xED;ndice</subfield>
  </datafield>
  <datafield tag="505" ind1="0" ind2=" ">
    <subfield code="t">Hier&#xF3;n. --</subfield>
    <subfield code="t">Agesilao. --</subfield>
    <subfield code="t">La rep&#xFA;blica de los lacedemonios. --</subfield>
    <subfield code="t">Los ingresos p&#xFA;blicos o Las rentas. --</subfield>
    <subfield code="t">El jefe de la caballer&#xED;a o El hip&#xE1;rquico. --</subfield>
    <subfield code="t">De la equitaci&#xF3;n. --</subfield>
    <subfield code="t">De la caza. --</subfield>
    <subfield code="t">La rep&#xFA;blica de los atenienses /</subfield>
    <subfield code="r">Pseudo Jenofonte</subfield>
  </datafield>
  <datafield tag="952" ind1=" " ind2=" ">
    <subfield code="0">0</subfield>
    <subfield code="1">0</subfield>
    <subfield code="5">0</subfield>
    <subfield code="7">1</subfield>
    <subfield code="8">MO</subfield>
    <subfield code="a">GR</subfield>
    <subfield code="b">GR</subfield>
    <subfield code="c">CT</subfield>
    <subfield code="d">2012-01-25</subfield>
    <subfield code="i">LF1</subfield>
    <subfield code="l">0</subfield>
    <subfield code="o"> </subfield>
    <subfield code="p">36703-10</subfield>
    <subfield code="r">2020-06-25</subfield>
    <subfield code="w">2020-06-25</subfield>
    <subfield code="y">1</subfield>
    <subfield code="Z">No se presta</subfield>
  </datafield>
  <datafield tag="999" ind1=" " ind2=" ">
    <subfield code="c">36194</subfield>
    <subfield code="d">36194</subfield>
  </datafield>
</record>
